000 00534nam a2200169Ia 4500
003 GCL
008 140319s9999 xx 000 0 ara d
040 _aGCL /
_cGCL
082 0 4 _a832.043
_bب د
100 1 _aعبدالرحمن بدوى
245 1 0 _aدائرة الطباشير القوقازية /
_cعبدالرحمن بدوى
700 1 _aبرشت ، برتولت
490 _aروائع المسرح العالمى
_v0
650 0 4 _aالمسرحيات
650 0 4 _aالمسرحيات الالمانية
942 _2ddc
_cBK
999 _c39753
_d39753